[Event "AUTO-ADV-2631"]
[Site "http://www.queenalice.com/game.php?id=1106695"]
[Date "2012.9.26"]
[Round "1"]
[White "mizu"]
[Black "yclaudiu35"]
[Result "0-1"]
[WhiteElo "1711"]
[BlackElo "1905"]

1. e4 e5 2. Nf3 Nc6 3. Bb5 Qf6 4. Nc3 Nge7 5. O-O a6 6. Bxc6 dxc6 7. d3 h6 8. a3
Ng6 9. b4 Bg4 10. Be3 Bxf3 11. Qxf3 Qxf3 12. gxf3 Nf4 13. Bxf4 exf4 14. Ne2 g5
15. Rab1 O-O-O 16. Rfd1 c5 0-1

[Event "AUTO-ADV-2631"]
[Site "http://www.queenalice.com/game.php?id=1106696"]
[Date "2012.9.26"]
[Round "1"]
[White "yclaudiu35"]
[Black "mizu"]
[Result "1-0"]
[WhiteElo "1933"]
[BlackElo "1730"]

1. e4 e5 2. Nf3 Nc6 3. a3 Nf6 4. Nc3 d6 5. Bb5 a6 6. Bxc6+ bxc6 7. O-O Be7 8. d4
exd4 9. Nxd4 Bb7 10. f3 O-O 11. b4 a5 12. bxa5 Rxa5 13. Be3 Nd7 14. Nce2 Ba6 15.
Nxc6 1-0

[Event "AUTO-ADV-2631"]
[Site "http://www.queenalice.com/game.php?id=1106697"]
[Date "2012.9.26"]
[Round "1"]
[White "mizu"]
[Black "kasparosaure"]
[Result "0-1"]
[WhiteElo "1737"]
[BlackElo "2031"]

1. e4 Nf6 2. e5 Nd5 3. c4 Nb6 4. Nf3 d6 5. exd6 cxd6 6. Be2 Nc6 7. O-O g6 8. Nc3
Bg7 9. Rb1 Bf5 10. d3 O-O 11. b3 Bxc3 0-1

[Event "AUTO-ADV-2631"]
[Site "http://www.queenalice.com/game.php?id=1106698"]
[Date "2012.9.26"]
[Round "1"]
[White "kasparosaure"]
[Black "mizu"]
[Result "1-0"]
[WhiteElo "2048"]
[BlackElo "1733"]

1. f4 c5 2. Nf3 Nc6 3. b3 d6 4. Bb2 Nf6 5. e3 e6 6. Be2 Be7 7. O-O O-O 8. Qe1
Nb4 9. Na3 a6 10. h3 Ne4 11. d3 Nf6 12. e4 1-0

[Event "AUTO-ADV-3187"]
[Site "http://www.queenalice.com/game.php?id=1293874"]
[Date "2014.7.10"]
[Round "1"]
[White "mizu"]
[Black "tewald"]
[Result "0-1"]
[WhiteElo "1721"]
[BlackElo "1877"]

1. e4 c6 2. Nc3 d5 3. exd5 cxd5 4. Bb5+ Nc6 5. Nf3 a6 6. Bxc6+ bxc6 7. Ne5 Qd6
8. d4 e6 9. O-O Nf6 10. Bg5 Be7 11. Na4 Qc7 12. a3 h6 13. Bf4 Bd6 14. Nc5 O-O
15. b4 Nd7 16. Nexd7 Bxd7 17. Bxd6 Qxd6 18. Qd3 Rfb8 19. Rfe1 a5 20. c3 axb4 21.
axb4 Rxa1 22. Rxa1 g6 23. Ra7 Be8 24. g3 e5 25. dxe5 Qxe5 26. Qf3 Kg7 27. Nd3
Qxc3 28. Qf4 Rc8 29. Ne5 Qe1+ 30. Kg2 Qe4+ 31. Qxe4 dxe4 32. Rb7 Kf6 33. Ng4+
Kg5 34. Ne3 h5 35. h4+ Kf6 36. Nc4 Ke6 37. Nb6 Rd8 38. Rc7 Kd6 39. Ra7 f5 40.
Kf1 c5 41. Nc4+ Kd5 42. Ne3+ Kd4 43. bxc5 Kxc5 44. Rg7 Kd4 45. Ke2 Bb5+ 46. Ke1
Rd6 47. Rh7 Kd3 48. Rh6 Rc6 49. Kf1 Kd2+ 50. Kg2 Ke2 51. Nxf5 gxf5 0-1

[Event "AUTO-ADV-3187"]
[Site "http://www.queenalice.com/game.php?id=1293875"]
[Date "2014.7.10"]
[Round "1"]
[White "tewald"]
[Black "mizu"]
[Result "1-0"]
[WhiteElo "1941"]
[BlackElo "1717"]

1. e4 e5 2. d4 exd4 3. Nf3 c5 4. Bc4 h6 5. c3 d6 6. cxd4 cxd4 7. Nxd4 Be7 8. Qf3
Nf6 9. Nc3 Bg4 10. Qg3 Nc6 11. Nxc6 bxc6 12. O-O g5 13. h3 Bh5 14. Be3 c5 15.
Bb5+ Nd7 16. Nd5 Rb8 17. a4 O-O 18. f3 Ne5 19. f4 Ng6 20. Nxe7+ Qxe7 21. fxg5
hxg5 22. Bxg5 Qxe4 23. Bh6 Rfd8 24. Qc3 Ne5 25. Rae1 Qg6 26. Bf4 Nf3+ 27. Rxf3
Bxf3 28. Qxf3 1-0

[Event "AUTO-ADV-3187"]
[Site "http://www.queenalice.com/game.php?id=1293876"]
[Date "2014.7.10"]
[Round "1"]
[White "mizu"]
[Black "SalsaKing"]
[Result "0-1"]
[WhiteElo "1736"]
[BlackElo "1759"]

1. e4 e5 2. Nf3 Nc6 3. Bb5 Bd6 4. O-O h6 5. d3 a6 6. Bxc6 bxc6 7. Nc3 Nf6 8. a3
Bb7 9. Be3 Qe7 10. Nh4 Ng4 11. Nf5 Nxe3 12. fxe3 Qf8 13. b4 g6 14. Nxd6+ Qxd6
15. Na4 Ke7 16. Nc5 Rab8 17. Qf3 Rhf8 18. Rf2 Bc8 19. Raf1 f5 20. Qh3 h5 21.
Qh4+ Ke8 22. exf5 Qf6 23. Qxf6 Rxf6 24. fxg6 Rxg6 25. Rf8+ Ke7 26. R1f7+ Kd6 27.
Ne4+ Ke6 28. Rf6+ Rxf6 29. Rxf6+ Ke7 30. Rh6 d5 31. Nc5 Bg4 32. c3 Rf8 33. Rxc6
Be2 34. d4 Rf1# 0-1

[Event "AUTO-ADV-3187"]
[Site "http://www.queenalice.com/game.php?id=1293877"]
[Date "2014.7.10"]
[Round "1"]
[White "SalsaKing"]
[Black "mizu"]
[Result "1-0"]
[WhiteElo "1743"]
[BlackElo "1710"]

1. e4 e5 2. Nf3 Nc6 3. Bb5 a6 4. Bxc6 dxc6 5. h3 Nf6 6. Nc3 Bb4 7. Qe2 O-O 8. a3
Ba5 9. d3 Be6 10. O-O Nd7 11. b4 Bb6 12. Bg5 Qc8 13. Nh4 Bd4 14. Qd2 Nb6 15.
Rab1 Bxc3 16. Qxc3 Bxh3 17. gxh3 Qxh3 18. Ng2 f6 19. Bh4 g5 20. Bg3 h5 21. Bh2
g4 22. Qb3+ Kg7 23. Qe6 Rae8 24. Qf5 Na4 25. Bg3 Nc3 26. Rbe1 b6 27. Re3 1-0

[Event "AUTO-ADV-3187"]
[Site "http://www.queenalice.com/game.php?id=1293878"]
[Date "2014.7.10"]
[Round "1"]
[White "mizu"]
[Black "carpielo"]
[Result "1-0"]
[WhiteElo "1717"]
[BlackElo "1797"]

1. e4 e5 2. Nf3 Bd6 3. Bc4 Nf6 4. d3 Bc5 5. Nxe5 d5 6. exd5 Nxd5 7. Nc3 Be6 8.
O-O O-O 9. Ne4 c6 10. Nxc5 b6 11. Nxe6 fxe6 12. a3 b5 13. Ba2 Qf6 14. Ng4 Qd4
15. c3 Qa4 16. Qxa4 bxa4 17. c4 Nf6 18. Ne5 c5 19. Be3 Nbd7 20. Nxd7 Nxd7 21.
Bb1 Rab8 22. Ra2 a5 23. Bc2 Ne5 24. Bxc5 Rfd8 25. d4 Nxc4 26. Bxa4 Nxb2 27. Bc6
Nd3 28. Bf3 e5 29. Be7 Rxd4 30. g3 Re8 31. Bg5 e4 32. Bg2 e3 33. Bxe3 Rc4 34.
Bd5+ 1-0

[Event "AUTO-ADV-3187"]
[Site "http://www.queenalice.com/game.php?id=1293879"]
[Date "2014.7.10"]
[Round "1"]
[White "carpielo"]
[Black "mizu"]
[Result "0-1"]
[WhiteElo "1842"]
[BlackElo "1695"]

1. e4 e5 2. Bc4 Nf6 3. d3 Bc5 4. Qf3 O-O 5. Qg3 d6 6. Bh6 Nh5 7. Qf3 Nf6 8. Bg5
Bg4 9. Bxf6 Bxf3 10. Bxd8 Bxg2 11. Bh4 Bxh1 12. Nd2 Nc6 13. Nh3 Bg2 14. Ng5 Nd4
15. Rc1 h6 16. Nxf7 Rxf7 17. Bxf7+ Kxf7 18. c3 Nf3+ 19. Nxf3 Bxf3 20. Kd2 g5 21.
Bg3 h5 22. h4 g4 23. d4 exd4 24. cxd4 Bxd4 25. Rxc7+ Ke6 26. Kd3 Be5 27. Bxe5
Kxe5 28. Rxb7 Bxe4+ 29. Ke3 Bxb7 0-1

[Event "Challenge"]
[Site "http://www.queenalice.com/game.php?id=1294152"]
[Date "2014.7.12"]
[Round "-"]
[White "mizu"]
[Black "zmanomega"]
[Result "1-0"]
[WhiteElo "1703"]
[BlackElo "1644"]

1. e4 Nf6 2. e5 Nd5 3. d4 e6 4. Nf3 Bb4+ 5. c3 Ba5 6. Bc4 h6 7. O-O d6 8. Re1 g5
9. Bxd5 exd5 10. b4 Bb6 11. Be3 f6 12. exf6 Qxf6 13. Bxg5+ Kf7 14. Bxf6 Kxf6 15.
Na3 1-0

[Event "AUTO-ADV-3245"]
[Site "http://www.queenalice.com/game.php?id=1309900"]
[Date "2014.9.23"]
[Round "1"]
[White "mizu"]
[Black "sphagnis"]
[Result "1-0"]
[WhiteElo "1759"]
[BlackElo "1649"]

1. e4 e5 2. Nf3 Nc6 3. Bb5 d6 4. O-O a6 5. Ba4 b5 6. Bb3 a5 7. Bd5 Ra6 8. d3 Bg4
9. Nbd2 Nf6 10. h3 Bh5 11. a3 Nd4 12. c3 Nxf3+ 13. Nxf3 c6 14. Ba2 Be7 15. g4
Bg6 16. Ng5 O-O 17. Be3 h6 18. Nf3 Nh7 19. b4 a4 20. c4 Kh8 21. cxb5 cxb5 22.
Bd5 f6 23. Nh4 Qe8 24. Be6 Bd8 25. Bf5 Bxf5 26. Nxf5 Qe6 27. Qc2 Bb6 28. Bxb6
Rxb6 29. Qc7 Qf7 30. Qxb6 Ng5 31. Kg2 Qe6 32. Qxd6 Qe8 33. Rac1 Nf7 34. Qc6 g6
35. Qxe8 Rxe8 36. Ne3 Kg7 37. Rc5 Nd6 38. Nd5 f5 39. f3 Rc8 40. Rxc8 Nxc8 41.
Rc1 Nd6 42. Rc5 Kf7 43. Nc7 fxe4 44. fxe4 h5 45. gxh5 gxh5 46. Rxb5 Nxb5 47.
Nxb5 Ke6 48. Kf2 Kd7 49. Kg3 Kc6 50. Nc3 Kd6 51. Kh4 Kc6 52. Kxh5 Kd6 53. Kg6
Kc6 54. h4 Kd6 55. Kf7 Kd7 56. h5 Kd6 57. h6 Kd7 58. h7 Kd6 59. h8=Q Kd7 60.
Qe8+ Kd6 61. Nb5# 1-0

[Event "AUTO-ADV-3245"]
[Site "http://www.queenalice.com/game.php?id=1309901"]
[Date "2014.9.23"]
[Round "1"]
[White "sphagnis"]
[Black "mizu"]
[Result "0-1"]
[WhiteElo "1669"]
[BlackElo "1725"]

1. e4 e5 2. Bc4 Nf6 3. d3 a6 4. Bg5 h6 5. Bh4 Be7 6. Qf3 b5 7. Bd5 c6 8. Bb3 d6
9. h3 O-O 10. Nc3 Nfd7 11. Bxe7 Qxe7 12. a3 a5 13. a4 b4 14. Nd1 Nc5 15. Ne3
Nxb3 16. cxb3 Nd7 17. Qd1 Ba6 18. Rc1 c5 19. Nd5 Qd8 20. Nf3 Nf6 21. Rc2 Nxd5
22. exd5 Qf6 23. Nh2 Qg6 24. g4 Bxd3 25. Qf3 Bxc2 26. O-O Bd3 27. Rd1 Ba6 28.
Qf5 Qxf5 29. gxf5 f6 30. Nf3 Be2 31. Re1 Bxf3 32. Re3 Bh5 33. Kg2 Ra6 34. Kg3
Bf7 35. Rd3 Rc8 36. Kf3 c4 37. bxc4 Rxc4 38. Ke3 Ra8 39. b3 Rc3 40. Kd2 Rxd3+
41. Kxd3 Rc8 42. h4 Rc3+ 43. Kd2 Bxd5 44. Ke2 Bxb3 45. f4 Bxa4 46. fxe5 dxe5 47.
Kd2 Bb5 48. Kd1 a4 49. h5 a3 50. Kd2 a2 51. Kd1 a1=Q+ 52. Kd2 Qb2+ 53. Kd1 Qe2#
0-1

[Event "AUTO-ADV-3245"]
[Site "http://www.queenalice.com/game.php?id=1309902"]
[Date "2014.9.23"]
[Round "1"]
[White "mizu"]
[Black "RDario"]
[Result "0-1"]
[WhiteElo "1711"]
[BlackElo "1982"]

1. e4 d6 2. d4 Nd7 3. Nf3 h6 4. Be2 g5 5. Nc3 Bg7 6. O-O e5 7. d5 Ne7 8. b4 Nf8
9. a4 Nfg6 10. b5 Nf4 11. Bxf4 exf4 12. Ra3 Ng6 13. Nd4 Bxd4 14. Qxd4 Ne5 15. h3
Qf6 16. Qb4 f3 17. Bxf3 Bxh3 0-1

[Event "AUTO-ADV-3245"]
[Site "http://www.queenalice.com/game.php?id=1309903"]
[Date "2014.9.23"]
[Round "1"]
[White "RDario"]
[Black "mizu"]
[Result "1-0"]
[WhiteElo "1992"]
[BlackElo "1706"]

1. c4 e5 2. Nc3 Nc6 3. d3 Nf6 4. g3 d6 5. Bg2 Be7 6. Nf3 O-O 7. O-O a6 8. Bg5
Nd7 9. h4 Bxg5 10. hxg5 g6 11. Bh3 Nc5 12. Bxc8 Qxc8 13. Nd5 Qf5 14. Nf6+ Kg7
15. g4 Qe6 16. Kg2 Nd4 17. Rh1 Rh8 18. Rh6 Nxe2 19. Qxe2 b5 20. cxb5 axb5 21.
Rah1 1-0

[Event "AUTO-ADV-3245"]
[Site "http://www.queenalice.com/game.php?id=1309904"]
[Date "2014.9.23"]
[Round "1"]
[White "mizu"]
[Black "maurice91"]
[Result "1-0"]
[WhiteElo "1739"]
[BlackElo "1828"]

1. e4 c6 2. d4 d5 3. e5 c5 4. Nf3 Bg4 5. Be2 Nc6 6. c3 e6 7. Be3 cxd4 8. cxd4
Nge7 9. O-O Nf5 10. h3 Nxe3 11. fxe3 Bf5 12. Bb5 Be7 13. Nc3 O-O 14. a3 a6 15.
Ba4 Na5 16. Bb3 Qb6 17. Nd2 Rac8 18. Ne2 Nxb3 19. Qxb3 Qa7 20. Qd1 Rc2 21. b4
Rcc8 22. Ng3 Bd3 23. Rf2 Bh4 24. Rf3 Bxg3 25. Rxg3 Bg6 26. Qe1 b5 27. Nb3 f5 28.
exf6 gxf6 29. Nc5 Rce8 30. Qe2 Kh8 31. Qg4 Bf5 32. Qh4 Re7 33. Qh6 Ref7 34. Kh2
a5 35. bxa5 Qxa5 36. Nd7 Rg8 37. Rxg8+ Kxg8 38. Nxf6+ Rxf6 39. Qxf6 Qc3 40. Qg5+
Kf8 41. Rf1 Ke8 42. Qg8+ Kd7 43. Qf8 Qxe3 44. Qb4 Qd3 45. Rf3 Qe2 46. Rg3 Bg6
47. a4 bxa4 48. Qxa4+ Ke7 49. Qa7+ Kd6 50. Qb8+ Ke7 51. Qc7+ Ke8 52. Rb3 Kf8 53.
Rb8+ Be8 54. Qxh7 Qe4 55. Qxe4 dxe4 56. Kg3 Ke7 57. Kf4 Bc6 58. g3 Kf7 59. g4
Kg6 60. h4 Bd5 61. Rb1 Bc6 62. Ke5 Bd5 63. Re1 Kh6 64. Rxe4 1-0

[Event "AUTO-ADV-3245"]
[Site "http://www.queenalice.com/game.php?id=1309905"]
[Date "2014.9.23"]
[Round "1"]
[White "maurice91"]
[Black "mizu"]
[Result "0-1"]
[WhiteElo "1892"]
[BlackElo "1701"]

1. d4 d5 2. Nf3 Bg4 3. Qd3 Nf6 4. h3 Bh5 5. g4 Bg6 6. Bg2 Bxd3 7. cxd3 e6 8. O-O
Be7 9. Nc3 Nc6 10. a3 a6 11. e3 b5 12. b4 Bd6 13. Bb2 Qb8 14. Rac1 Ne7 15. Rfe1
O-O 16. Nd2 a5 17. bxa5 Rxa5 18. Ncb1 b4 19. axb4 Bxb4 20. Nc3 Ra2 21. Rc2 Bxc3
22. Rxc3 Rxb2 23. Nf3 Ng6 24. Nh2 Nh4 25. Bf1 Qb4 26. Rec1 Rb1 27. Rxc7 Rxc1 28.
Rxc1 Qd2 29. Rc5 Qd1 30. e4 Nf3+ 31. Nxf3 Qxf3 32. e5 Nd7 33. Ra5 Qf4 34. Ra4
Nb8 35. Ra2 Qxd4 36. Kg2 Nc6 37. f4 Qxf4 0-1

[Event "AUTO-ADV-3324"]
[Site "http://www.queenalice.com/game.php?id=1331337"]
[Date "2014.12.29"]
[Round "1"]
[White "forever"]
[Black "mizu"]
[Result "1-0"]
[WhiteElo "1909"]
[BlackElo "1771"]

1. Nf3 Nc6 2. e4 e5 3. Bb5 a6 4. Ba4 b5 5. Bb3 Bb7 6. c3 Nf6 7. Bc2 Bc5 8. O-O
O-O 9. d4 exd4 10. cxd4 Bb6 11. e5 Nd5 12. Bxh7+ Kh8 13. Ng5 1-0

[Event "AUTO-ADV-3324"]
[Site "http://www.queenalice.com/game.php?id=1331338"]
[Date "2014.12.29"]
[Round "1"]
[White "mizu"]
[Black "forever"]
[Result "0-1"]
[WhiteElo "1742"]
[BlackElo "1984"]

1. e4 c5 2. Nc3 d6 3. d3 Nf6 4. Nf3 e5 5. Be2 h6 6. b3 Nbd7 7. O-O Be7 8. Nd5
Nxd5 9. exd5 O-O 10. c4 Re8 11. a3 Nf6 12. Nd2 Nh7 13. Ne4 Bf5 14. Bg4 Bg6 15.
b4 f5 16. Nxc5 dxc5 17. Bf3 cxb4 18. axb4 Bxb4 19. Qb3 a5 20. Ba3 Bxa3 21. Rxa3
b6 22. Qb5 f4 23. Be4 Qf6 24. d6 Bxe4 25. dxe4 Qxd6 26. Rc3 Rec8 0-1

[Event "AUTO-ADV-3324"]
[Site "http://www.queenalice.com/game.php?id=1331355"]
[Date "2014.12.29"]
[Round "1"]
[White "mizu"]
[Black "carloswecker"]
[Result "0-1"]
[WhiteElo "1748"]
[BlackElo "2000"]

1. e4 e5 2. Nf3 Nc6 3. Bb5 a6 4. Bxc6 dxc6 5. O-O Bd6 6. d3 Bg4 7. Nbd2 Nf6 8.
c3 O-O 9. Qb3 b6 10. a4 Be6 11. Qc2 b5 12. axb5 cxb5 13. Ng5 Qe7 14. Nxe6 Qxe6
15. Nf3 h6 16. Nh4 Rfe8 17. Nf5 Bf8 18. Be3 c5 19. Rfe1 Ng4 20. Bd2 Qg6 21. Qb3
Nf6 22. Re3 Nh5 23. c4 Nf4 0-1

[Event "AUTO-ADV-3324"]
[Site "http://www.queenalice.com/game.php?id=1331356"]
[Date "2014.12.29"]
[Round "1"]
[White "carloswecker"]
[Black "mizu"]
[Result "1-0"]
[WhiteElo "1990"]
[BlackElo "1736"]

1. d4 d5 2. c4 e6 3. Nc3 Be7 4. Nf3 Nf6 5. e3 O-O 6. Bd3 b6 7. cxd5 Nxd5 8. Qc2
Bb7 9. Nxd5 Bxd5 10. Bxh7+ Kh8 11. Be4 Bb4+ 12. Bd2 Bxd2+ 13. Nxd2 Qg5 14. O-O
Bxe4 15. Qxe4 Nd7 16. Nf3 Qh6 17. Rac1 c5 18. dxc5 Nxc5 19. Qh4 Qxh4 20. Nxh4 g6
21. Nf3 Nd3 22. Rc2 Kg7 23. Nd4 Rfd8 24. a3 Rac8 25. Rc6 Rxc6 26. Nxc6 Rd7 27.
b4 b5 28. Rd1 1-0

[Event "AUTO-ADV-3324"]
[Site "http://www.queenalice.com/game.php?id=1331357"]
[Date "2014.12.29"]
[Round "1"]
[White "mizu"]
[Black "yclaudiu35"]
[Result "0-1"]
[WhiteElo "1761"]
[BlackElo "1990"]

1. e4 e5 2. Nf3 Nc6 3. Bb5 Qf6 4. O-O Nge7 5. d3 h6 6. Nc3 a6 7. Bxc6 dxc6 8. b3
Bg4 9. h3 Bxf3 10. Qxf3 Qxf3 11. gxf3 Ng6 12. Kh2 Nh4 13. Kg3 g5 14. Be3 f5 0-1

[Event "AUTO-ADV-3324"]
[Site "http://www.queenalice.com/game.php?id=1331358"]
[Date "2014.12.29"]
[Round "1"]
[White "yclaudiu35"]
[Black "mizu"]
[Result "1-0"]
[WhiteElo "2001"]
[BlackElo "1754"]

1. e4 e5 2. Nf3 Nc6 3. Bc4 Nf6 4. d3 Be7 5. a3 d6 6. Ng5 d5 7. exd5 Nxd5 8. Nf3
O-O 9. h3 a6 10. O-O b5 11. Ba2 Be6 12. c4 Nb6 13. b3 Bf6 14. Bb2 Qd6 15. cxb5
axb5 16. Nc3 Nd7 17. Nxb5 Qe7 18. Nxc7 Rab8 19. Nxe6 Qxe6 20. Re1 Rfd8 21. d4
1-0

[Event "Challenge"]
[Site "http://www.queenalice.com/game.php?id=1333420"]
[Date "2015.1.7"]
[Round "-"]
[White "ORNELAS"]
[Black "mizu"]
[Result "1-0"]
[WhiteElo "1695"]
[BlackElo "1730"]

1. Nf3 Nc6 2. c3 Nf6 3. d4 d5 4. Bg5 e6 5. Nbd2 Be7 6. Ne5 Nxe5 7. dxe5 Ne4 8.
Bxe7 Qxe7 9. Nxe4 dxe4 10. Qa4+ Bd7 11. Qb3 Bc6 12. e3 O-O 13. Be2 a6 14. O-O b5
15. Qd1 Rad8 16. Qb3 Rd5 17. Rad1 Rxe5 18. c4 bxc4 19. Qxc4 Bb5 20. Qc2 Rc5 21.
Qd2 Rd5 22. Qe1 Rfd8 23. Bxb5 axb5 24. Rxd5 exd5 25. b3 Qa3 26. Qd2 c6 27. g3 g6
28. Qc3 c5 29. Rc1 c4 30. Rc2 Rd6 31. Qe5 Qb4 32. Rb2 Qc5 33. bxc4 1-0

[Event "Challenge"]
[Site "http://www.queenalice.com/game.php?id=1338563"]
[Date "2015.2.1"]
[Round "-"]
[White "mizu"]
[Black "Excsiu"]
[Result "0-1"]
[WhiteElo "1713"]
[BlackElo "1735"]

1. e4 e5 2. Nf3 Nf6 3. d3 Nc6 4. Bg5 h6 5. Bh4 g5 6. Bg3 g4 7. Nxe5 Nd4 8. c3
Nc6 9. Nxg4 h5 10. Bxc7 Qe7 11. Nxf6+ Qxf6 12. Nd2 d6 13. Nc4 Kd7 14. Ba5 b5 15.
Nxd6 Bxd6 16. b4 Qxc3+ 0-1